Văn hóa cổ truyền ở huyện Anh Sơn
TM tài liệu tham khảo tr. 291 - 292; Khái quát về vị trí địa lý, địa hình, khí hậu, dân cư, giao thông, các tiểu vùng, các làng xã cũa vùng đất Anh Sơn tỉnh Nghệ An; về văn hóa vật thể (kiến trúc nhà ở, đình điền, thành lũy, trang phục, món ăn...
Shranjeno v:
| Glavni avtor: | |
|---|---|
| Drugi avtorji: | |
| Format: | Knjiga |
| Jezik: | Undetermined |
| Izdano: |
H.
Thanh Niên
2010
|
| Teme: | |
| Online dostop: | http://lrc.tdmu.edu.vn/opac/search/detail.asp?aID=2&ID=18713 |
| Oznake: |
Označite
Brez oznak, prvi označite!
|
| Thư viện lưu trữ: | Trung tâm Học liệu Trường Đại học Thủ Dầu Một |
|---|
| LEADER | 01354nam a2200217Ia 4500 | ||
|---|---|---|---|
| 001 | TDMU_18713 | ||
| 008 | 210410s9999 xx 000 0 und d | ||
| 082 | |a 390.0959742 | ||
| 090 | |b NG527 | ||
| 100 | |a Nguyễn, Thanh Tùng | ||
| 245 | 0 | |a Văn hóa cổ truyền ở huyện Anh Sơn | |
| 245 | 0 | |c Nguyễn Thanh Tùng | |
| 260 | |a H. | ||
| 260 | |b Thanh Niên | ||
| 260 | |c 2010 | ||
| 300 | |a 294 tr. | ||
| 520 | |a TM tài liệu tham khảo tr. 291 - 292; Khái quát về vị trí địa lý, địa hình, khí hậu, dân cư, giao thông, các tiểu vùng, các làng xã cũa vùng đất Anh Sơn tỉnh Nghệ An; về văn hóa vật thể (kiến trúc nhà ở, đình điền, thành lũy, trang phục, món ăn uống); văn hóa phi vật thể ở Anh Sơn (giáo dục, văn học, tín ngưỡng, phong tục tập quán, ăn tết, lễ hội trò vui và sân khấu nghệ thuật) | ||
| 650 | |a Văn hóa dân gian |z Anh Sơn (Nghệ An - Việt Nam); Anh Sơn (Nghệ An - Việt Nam) |x Văn hóa | ||
| 700 | |a Hội Văn nghệ dân gian Việt Nam | ||
| 856 | |u http://lrc.tdmu.edu.vn/opac/search/detail.asp?aID=2&ID=18713 | ||
| 980 | |a Trung tâm Học liệu Trường Đại học Thủ Dầu Một | ||